MARC details
| 000 -LEADER |
| fixed length control field |
03727cam a2200649 i 4500 |
| 001 - CONTROL NUMBER |
| control field |
20966894 |
| 005 - DATE AND TIME OF LATEST TRANSACTION |
| control field |
20201123100140.0 |
| 008 - FIXED-LENGTH DATA ELEMENTS--GENERAL INFORMATION |
| fixed length control field |
190508t20182018nyu 000 f eng d |
| 010 ## - LIBRARY OF CONGRESS CONTROL NUMBER |
| LC control number |
2019296751 |
| 020 ## - INTERNATIONAL STANDARD BOOK NUMBER |
| International Standard Book Number |
9780062390516 |
| Qualifying information |
(hardcover) |
| 020 ## - INTERNATIONAL STANDARD BOOK NUMBER |
| International Standard Book Number |
0062390511 |
| Qualifying information |
(hardcover) |
| 020 ## - INTERNATIONAL STANDARD BOOK NUMBER |
| Cancelled/invalid ISBN |
9780062844316 |
| Qualifying information |
(international edition) |
| 035 ## - SYSTEM CONTROL NUMBER |
| System control number |
(OCoLC)on1019709212 |
| 040 ## - CATALOGING SOURCE |
| Original cataloging agency |
T7B |
| Language of cataloging |
eng |
| Transcribing agency |
T7B |
| Description conventions |
rda |
| Modifying agency |
T7B |
| -- |
IUK |
| -- |
INR |
| -- |
ZHB |
| -- |
TCH |
| -- |
FMF |
| -- |
RCJ |
| -- |
DMOPL |
| -- |
OCLCQ |
| -- |
PUL |
| -- |
T3S |
| -- |
OCLCO |
| -- |
OCL |
| -- |
OCLCO |
| -- |
OCL |
| -- |
TZ7 |
| -- |
M$K |
| -- |
OCLCO |
| -- |
UZA |
| -- |
B@L |
| -- |
LKC |
| -- |
ALECL |
| -- |
FIC |
| -- |
LMJ |
| -- |
TL4 |
| -- |
NZIPP |
| -- |
AZZPT |
| -- |
OCLCO |
| -- |
XOL |
| -- |
NZHWP |
| -- |
OCLCO |
| -- |
DUNPL |
| -- |
W8A |
| -- |
OCLCO |
| -- |
NZAUC |
| -- |
JYQ |
| -- |
DLC |
| 042 ## - AUTHENTICATION CODE |
| Authentication code |
lccopycat |
| 050 00 - LIBRARY OF CONGRESS CALL NUMBER |
| Classification number |
PS3602.U755 |
| Item number |
W54 2018 |
| 082 04 - DEWEY DECIMAL CLASSIFICATION NUMBER |
| Classification number |
813/.6 |
| Edition number |
23 |
| 092 ## - LOCALLY ASSIGNED DEWEY CALL NUMBER (OCLC) |
| Classification number |
BURKE |
| 100 1# - MAIN ENTRY--PERSONAL NAME |
| Personal name |
Burke, Alafair, |
| Relator term |
author. |
| 9 (RLIN) |
50554 |
| 245 14 - TITLE STATEMENT |
| Title |
The wife : |
| Remainder of title |
a novel of psychological suspense / |
| Statement of responsibility, etc |
Alafair Burke. |
| 250 ## - EDITION STATEMENT |
| Edition statement |
First edition. |
| 264 #1 - Production, Publication, Distribution, Manufacture, and Copyright Notice. |
| Place of production, publication, distribution, manufacture |
New York, NY : |
| Name of producer, publisher, distributor, manufacturer |
Harper, an imprint of HarperCollinsPublishers, |
| Date of production, publication, distribution, manufacture, or copyr |
[2018] |
| 264 #4 - Production, Publication, Distribution, Manufacture, and Copyright Notice. |
| Date of production, publication, distribution, manufacture, or copyr |
©2018 |
| Place of production, publication, distribution, manufacture |
New York, NY : |
| Name of producer, publisher, distributor, manufacturer |
Harper, an imprint of HarperCollinsPublishers, |
| 300 ## - PHYSICAL DESCRIPTION |
| Extent |
340 pages ; |
| Dimensions |
24 cm |
| 336 ## - Content Type |
| Content type term |
text |
| 337 ## - Media type |
| Media type term |
unmediated |
| 338 ## - Carrier type |
| Carrier type term |
volume |
| 500 ## - GENERAL NOTE |
| General note |
"New York Times bestselling author of The Ex. A novel"--Dust jacket. |
| 520 ## - SUMMARY, ETC. |
| Summary, etc |
"When Angela met Jason Powell while catering a dinner party in East Hampton, she assumed their romance would be a short-lived fling, like so many relationships between locals and summer visitors. To her surprise, Jason, a brilliant economics professor at NYU, had other plans, and they married the following summer. For Angela, the marriage turned out to be a chance to reboot her life. She and her son were finally able to move out of her mother's home to Manhattan, where no one knew about her tragic past. Six years later, thanks to a bestselling book and a growing media career, Jason has become a cultural lightning rod, placing Angela near the spotlight she worked so carefully to avoid. When a college intern makes an accusation against Jason, and another woman, Kerry Lynch, comes forward with an even more troubling allegation, their perfect life begins to unravel. Jason insists he is innocent, and Angela believes him. But when Kerry disappears, Angela is forced to take a closer look--at both the man she married and the women she chose not to believe."-- |
| 650 #0 - SUBJECT ADDED ENTRY--TOPICAL TERM |
| Topical term or geographic name as entry element |
Spouses |
| Form subdivision |
Fiction. |
| 9 (RLIN) |
5686617 |
| 650 #0 - SUBJECT ADDED ENTRY--TOPICAL TERM |
| Topical term or geographic name as entry element |
Divorced people |
| Form subdivision |
Fiction. |
| 9 (RLIN) |
5708761 |
| 650 #0 - SUBJECT ADDED ENTRY--TOPICAL TERM |
| Topical term or geographic name as entry element |
Married people |
| Form subdivision |
Fiction. |
| 9 (RLIN) |
5673782 |
| 650 #0 - SUBJECT ADDED ENTRY--TOPICAL TERM |
| Topical term or geographic name as entry element |
Authors |
| Form subdivision |
Fiction. |
| 9 (RLIN) |
5676039 |
| 650 #1 - SUBJECT ADDED ENTRY--TOPICAL TERM |
| Topical term or geographic name as entry element |
Authors |
| Form subdivision |
Fiction. |
| 9 (RLIN) |
5676039 |
| 650 #4 - SUBJECT ADDED ENTRY--TOPICAL TERM |
| Topical term or geographic name as entry element |
SUSPENSE. |
| 9 (RLIN) |
6387027 |
| 650 #7 - SUBJECT ADDED ENTRY--TOPICAL TERM |
| Topical term or geographic name as entry element |
FICTION |
| General subdivision |
Thrillers |
| -- |
Suspense. |
| Source of heading or term |
bisacsh |
| 9 (RLIN) |
6387028 |
| 650 #7 - SUBJECT ADDED ENTRY--TOPICAL TERM |
| Topical term or geographic name as entry element |
FICTION |
| General subdivision |
Thrillers |
| -- |
Psychological. |
| Source of heading or term |
bisacsh |
| 9 (RLIN) |
6387029 |
| 650 #7 - SUBJECT ADDED ENTRY--TOPICAL TERM |
| Topical term or geographic name as entry element |
FICTION |
| General subdivision |
Mystery & Detective |
| -- |
General. |
| Source of heading or term |
bisacsh |
| 9 (RLIN) |
5708431 |
| 650 #7 - SUBJECT ADDED ENTRY--TOPICAL TERM |
| Topical term or geographic name as entry element |
Spouses. |
| Source of heading or term |
fast |
| 9 (RLIN) |
6387030 |
| 650 #7 - SUBJECT ADDED ENTRY--TOPICAL TERM |
| Topical term or geographic name as entry element |
Married people. |
| Source of heading or term |
fast |
| 9 (RLIN) |
6387031 |
| 650 #7 - SUBJECT ADDED ENTRY--TOPICAL TERM |
| Topical term or geographic name as entry element |
Authors. |
| Source of heading or term |
fast |
| 9 (RLIN) |
6387032 |
| 650 #7 - SUBJECT ADDED ENTRY--TOPICAL TERM |
| Topical term or geographic name as entry element |
Divorced people. |
| Source of heading or term |
fast |
| 9 (RLIN) |
6387033 |
| 650 #7 - SUBJECT ADDED ENTRY--TOPICAL TERM |
| Topical term or geographic name as entry element |
Wives |
| Form subdivision |
Fiction. |
| Source of heading or term |
sears |
| 9 (RLIN) |
5742990 |
| 650 #7 - SUBJECT ADDED ENTRY--TOPICAL TERM |
| Topical term or geographic name as entry element |
Husbands |
| Form subdivision |
Fiction. |
| Source of heading or term |
sears |
| 9 (RLIN) |
5747880 |
| 650 #7 - SUBJECT ADDED ENTRY--TOPICAL TERM |
| Topical term or geographic name as entry element |
Divorced people |
| Form subdivision |
Fiction. |
| Source of heading or term |
sears |
| 9 (RLIN) |
5708761 |
| 650 #7 - SUBJECT ADDED ENTRY--TOPICAL TERM |
| Topical term or geographic name as entry element |
Married people |
| Form subdivision |
Fiction. |
| Source of heading or term |
sears |
| 9 (RLIN) |
5673782 |
| 650 #7 - SUBJECT ADDED ENTRY--TOPICAL TERM |
| Topical term or geographic name as entry element |
Authors |
| Form subdivision |
Fiction. |
| Source of heading or term |
sears |
| 9 (RLIN) |
5676039 |
| 655 #4 - INDEX TERM--GENRE/FORM |
| Genre/form data or focus term |
Suspense fiction. |
| 9 (RLIN) |
6387034 |
| 655 #4 - INDEX TERM--GENRE/FORM |
| Genre/form data or focus term |
Mystery fiction. |
| 9 (RLIN) |
6387035 |
| 655 #7 - INDEX TERM--GENRE/FORM |
| Genre/form data or focus term |
Fiction. |
| Source of term |
fast |
| 9 (RLIN) |
5673940 |
| 655 #7 - INDEX TERM--GENRE/FORM |
| Genre/form data or focus term |
Suspense fiction. |
| Source of term |
gsafd |
| 9 (RLIN) |
6387034 |
| 655 #7 - INDEX TERM--GENRE/FORM |
| Genre/form data or focus term |
Thrillers (Fiction) |
| Source of term |
lcgft |
| 9 (RLIN) |
5697221 |
| 655 #7 - INDEX TERM--GENRE/FORM |
| Genre/form data or focus term |
Psychological fiction. |
| Source of term |
lcgft |
| 9 (RLIN) |
5673631 |
| 906 ## - LOCAL DATA ELEMENT F, LDF (RLIN) |
| a |
7 |
| b |
cbc |
| c |
copycat |
| d |
2 |
| e |
ncip |
| f |
20 |
| g |
y-gencatlg |
| 942 ## - ADDED ENTRY ELEMENTS (KOHA) |
| Source of classification or shelving scheme |
Dewey Decimal Classification |
| Koha item type |
BOOK |